000 01527nam a2200577 a 4500
003 AR-BaBNM
005 20251128210651.0
008 082120s2002 ||||||||||||||000 | spa||
020 _a84-7666-091-X
040 _cAR-BaBNM
245 0 0 _aProyecto Iberlingua
_bla enseñanza de la lengua española y la literatura iberoamericana en el nivel medio
260 _aMadrid
_bOEI
_c1998
300 _a277 p.
_btablas, gráfs.
500 _aContiene anexos
650 4 _aEDUCACION COMPARADA
651 4 _aVenezuela
651 4 _aUruguay
651 4 _aRepública Dominicana
651 4 _aPuerto Rico
651 4 _aPerú
651 4 _aParaguay
651 4 _aPanamá
651 4 _aNicaragua
651 4 _aMéxico
651 4 _aHonduras
651 4 _aGuatemala
651 4 _aEspaña
651 4 _aEl Salvador
651 4 _aEcuador
651 4 _aCuba
651 4 _aCosta Rica
651 4 _aColombia
651 4 _aChile
651 4 _aBolivia
651 4 _aArgentina
651 4 _aIBEROAMERICA
653 _aENSENANZA DE LA LENGUA
653 _aNIVEL MEDIO
653 _aENSEÑANZA DE LA LITERATURA
653 _aTERCER CICLO DE LA EGB
653 _aEDUCACION POLIMODAL
700 1 _aArribas Canales, Jesús
700 1 _aBustamante Zamudio, Guillermo
700 1 _aHerrero, Mónica Cecilia
700 1 _aJurado Valencia, Fabio
700 1 _aLópez, Claudia
700 1 _aMoreiro Prieto, Julián
700 1 _aVelasco Kindelán, Magdalena
942 _cBK
998 _cRAQUEL
999 _c16361
_d16361